Inustrialisation in backward areas / (Record no. 126869)

MARC details
000 -LEADER
fixed length control field 00891nam a22002537a 4500
003 - CONTROL NUMBER IDENTIFIER
control field 0
005 - DATE AND TIME OF LATEST TRANSACTION
control field 20180802122649.0
008 - FIXED-LENGTH DATA ELEMENTS--GENERAL INFORMATION
fixed length control field 0
010 ## - LIBRARY OF CONGRESS CONTROL NUMBER
LC control number B-092568
020 ## - INTERNATIONAL STANDARD BOOK NUMBER
Terms of availability 175.00
International Standard Book Number 8171416292
035 ## - SYSTEM CONTROL NUMBER
System control number B-092568, B-092569, B-092572
037 ## - SOURCE OF ACQUISITION
Source of stock number/acquisition Cen Lib/Ret
040 ## - CATALOGING SOURCE
Original cataloging agency DPL
Language of cataloging EN
Transcribing agency 0
082 ## - DEWEY DECIMAL CLASSIFICATION NUMBER
Classification number 338.642
Item number NAR
100 ## - MAIN ENTRY--PERSONAL NAME
Personal name Narasaiah, M. Lakshmi
9 (RLIN) 6961
245 ## - TITLE STATEMENT
Title Inustrialisation in backward areas /
Statement of responsibility, etc by M.Lakshmi Narasaiah
260 ## - PUBLICATION, DISTRIBUTION, ETC. (IMPRINT)
Name of publisher, distributor, etc Discovery Publishing House
Date of publication, distribution, etc 2003
Place of publication, distribution, etc New Delhi
270 ## - ADDRESS
City New Delhi
Address 4831/24, ansari road, dariya ganj
Postal code 110002
300 ## - PHYSICAL DESCRIPTION
Extent 69p.
Dimensions 21cm(Hb)
500 ## - GENERAL NOTE
General note Includes bibliographical references and index
650 ## - SUBJECT ADDED ENTRY--TOPICAL TERM
Topical term or geographic name as entry element Industrial development
9 (RLIN) 14944
650 ## - SUBJECT ADDED ENTRY--TOPICAL TERM
Topical term or geographic name as entry element Economic development
9 (RLIN) 1481
942 ## - ADDED ENTRY ELEMENTS (KOHA)
Source of classification or shelving scheme Dewey Decimal Classification
Koha item type English Books
Classification part 338.642
Call number suffix NAR
Holdings
Withdrawn status Lost status Damaged status Not for loan Home library Current library Date acquired Source of acquisition Cost, normal purchase price Total Checkouts Full call number Barcode Date last seen Copy number Cost, replacement price Price effective from Koha item type Public note Source of classification or shelving scheme Collection code Date checked out
Written off       Central Library Central Library 26/06/2015 Cen Lib/Ret 175.00   338.642 NAR B-092568 26/06/2015 1 175.00 26/06/2015 English Books Written off on approval by DLB (By Circulation); dtd 15-06-2023      
        Patel Nagar Patel Nagar 26/07/2018 BPPD/Pub 175.00   338.642 NAR B-092569 26/07/2018   175.00 26/07/2018 English Books   Dewey Decimal Classification Non-fiction  
        Shahdara Branch Shahdara Branch 02/08/2018 BPPD/PUB 175.00 1 338.642 NAR B-092572 11/05/2019   175.00 02/08/2018 English Books   Dewey Decimal Classification Non-fiction 27/04/2019

© Delhi Public Library
Hit Counter
free hit counter